000 00533nam a22001937a 4500
005 20251108165827.0
008 250721s1986 xx 000 0 ara d
082 1 4 _a320.54/موس
100 1 _aموسى، سليمان
245 1 0 _aالحركة العربية /
250 _aط3
264 1 _aبيروت :
_bدار النهار،
_c1986.
300 _a665ص
650 1 7 _aالقومية العربية
650 1 7 _aالوحدة العربية
650 1 7 _aالأمة العربية
942 _2ddc
_cBK
999 _c32283
_d32283